| 000 | 02918cam a22003978i 4500 | ||
|---|---|---|---|
| 999 |
_c528254 _d528254 |
||
| 001 | 18726878 | ||
| 003 | NUST | ||
| 005 | 20190904111431.0 | ||
| 008 | 150803s2015 mdu b 001 0 eng | ||
| 010 | _a 2015029958 | ||
| 020 | _a9781498504164 (cloth : alk. paper) | ||
| 020 | _z9781498504171 (electronic) | ||
| 038 | _aM.Sohail | ||
| 040 |
_aDLC _beng _cDLC _erda _dDLC |
||
| 042 | _apcc | ||
| 043 | _an-us--- | ||
| 050 | 0 | 0 |
_aHE203 _b.P75 2015 |
| 082 | 0 | 0 |
_a363 _223 _bMAR |
| 245 | 0 | 0 |
_aPrivate financing of public transportation infrastructure : _butilizing public-private partnerships / _cedited by Wendell C. Lawther and Lawrence L. Martin. |
| 260 |
_aUSA _bThe Worldbank _c1994 |
||
| 264 | 1 |
_aLanham : _bLexington Books, _c[1994] |
|
| 300 |
_avi, 220 pages ; _c24 cm |
||
| 336 |
_atext _2rdacontent |
||
| 337 |
_aunmediated _2rdamedia |
||
| 338 |
_avolume _2rdacarrier |
||
| 504 | _aIncludes bibliographical references and index. | ||
| 505 | 0 | _aAn introduction to private sector financing of transportation infrastructure / Wendell C. Lawther and Lawrence L. Martin -- Transportation infrastructure financing public private partnerships (P3) : what are they? : how do they work? / Lawrence L. Martin -- State enabling legislation for public private partnerships / Lawrence L. Martin and Joseph Saviak -- Internationally recommended best practices & promising practices in transportation infrastructure financing public private partnerships / Lawrence L. Martin, Wendell C. Lawther, Graeme A. Hodge and Carsten Greve -- Case studies in transportation infrastructure financing public private partnerships / Lawrence L. Martin and Wendell C. Lawther -- Evaluation of public-private partnerships for transportation nfrastructure financing : process & goal achievement / Wendell C. Lawther -- Public private partnerships : transparency and accountability issues / Wendell C. Lawther -- The role of the private sector in effectively educating policymakers and the public about transportation P3S : insights from florida leaders / Joseph Saviak -- Avoiding public private partnership failure: linking transportation infrastructure with economic development / Owen M. Beitsch and Wendell C. Lawther -- Concluding thoughts and questions / Wendell C. Lawther -- Appendix: tools for use in public-private partnerships for transportation infrastructure financing / Lawrence L. Martin and Wendell C. Lawther. | |
| 650 | 0 |
_aTransportation _zUnited States. _919959 |
|
| 650 | 0 |
_aPrivatization _zUnited States. _919960 |
|
| 650 | 0 |
_aPublic-private sector cooperation _zUnited States. _919961 |
|
| 700 | 1 |
_aLawther, Wendell C., _d1946- _eeditor. _919962 |
|
| 700 | 1 |
_aMartin, Lawrence L., _d1945- _eeditor. _919963 |
|
| 906 |
_a7 _bcbc _corignew _d1 _eecip _f20 _gy-gencatlg |
||
| 942 |
_2ddc _cBK |
||